Le secret au cœur de l’attente de Dieu (notice n° 1605353)

détails MARC
000 -LEADER
fixed length control field 01632cam a2200181 4500500
005 - DATE AND TIME OF LATEST TRANSACTION
control field 20251228095026.0
041 ## - LANGUAGE CODE
Language code of text/sound track or separate title fre
042 ## - AUTHENTICATION CODE
Authentication code dc
100 10 - MAIN ENTRY--PERSONAL NAME
Personal name Bouit, Delphine
Relator term author
245 00 - TITLE STATEMENT
Title Le secret au cœur de l’attente de Dieu
260 ## - PUBLICATION, DISTRIBUTION, ETC.
Date of publication, distribution, etc. 2016.<br/>
500 ## - GENERAL NOTE
General note 17
520 ## - SUMMARY, ETC.
Summary, etc. Un dictionnaire des femmes mystiques est récemment paru. La mystique est encore actuelle ; en chaque siècle, des femmes de différentes cultures sont en attente de Dieu, hors des voies institutionnalisées. Les analyses de Simone Weil suffisent-elles pour circonscrire la nature de cette attente ? Nous allons découvrir qu’au sein de l’attente mystique réside un secret.
520 ## - SUMMARY, ETC.
Summary, etc. A dictionary of mystical women has recently come out. They can still be found nowadays : in each century, women from different cultures have expected God to come, waiting for Him outside institutionalised paths. Do Simone Weil’s analyses circumscribe the nature of this expectation? We will see that a secret lies at the heart of this mystical expectation.
520 ## - SUMMARY, ETC.
Summary, etc. Foi recentemente publicado um dicionário das mulheres místicas. O tema permanece assim actual, já que em todos os séculos emergem, fora dos caminhos institucionalizados, mulheres oriundas de diferentes culturas à espera de Deus. Serão as análises de Simone Weil suficientes para explicar a natureza desta espera ou iremos nós descobrir que, no seio da espera mística, habita sempre o segredo?
786 0# - DATA SOURCE ENTRY
Note Sigila | 37 | 1 | 2016-03-01 | p. 103-115 | 1286-1715
856 41 - ELECTRONIC LOCATION AND ACCESS
Uniform Resource Identifier <a href="https://shs.cairn.info/revue-sigila-2016-1-page-103?lang=fr&redirect-ssocas=7080">https://shs.cairn.info/revue-sigila-2016-1-page-103?lang=fr&redirect-ssocas=7080</a>

Pas d'exemplaire disponible.

PLUDOC

PLUDOC est la plateforme unique et centralisée de gestion des bibliothèques physiques et numériques de Guinée administré par le CEDUST. Elle est la plus grande base de données de ressources documentaires pour les Étudiants, Enseignants chercheurs et Chercheurs de Guinée.

Adresse

627 919 101/664 919 101

25 boulevard du commerce
Kaloum, Conakry, Guinée

Réseaux sociaux

Powered by Netsen Group @ 2025